Film con maggiori incassi nel 2000 - Statistics

Statistiche generali
  • Questo quiz è stato fatto 7 volte
  • Il punteggio medio è 5 su 10
Statistiche sulle risposte
Incasso ($) Film % Corretto
460 583 960 Il Gladiatore
83%
546 388 108 Mission: Impossible II
83%
429 632 142 Cast Away
67%
349 822 765 Dinosauri
67%
374 111 707 What Women Want - Quello che le donne vogliono
50%
330 444 045 Ti presento i miei
33%
296 339 528 X-Men
33%
345 141 403 Il Grinch
17%
328 718 434 La tempesta perfetta
17%
291 420 351 Le verità nascoste
17%
Nessun quiz corrispondente trovato
Distribuzione punteggi
Percentuale di utenti per punteggio
Percentile per numero di risposta
I tuoi punteggi nel tempo
Non hai fatto questo quiz